| 000 | 01194nam a22003737a 4500 | ||
|---|---|---|---|
| 001 | 0025910 | ||
| 003 | KOHA_MİRAKIL | ||
| 005 | 20260207002514.0 | ||
| 007 | ta | ||
| 008 | 101112b1999 tu |||gr||||#0|||0|tur | | ||
| 020 |
_a9751611180 _c3,38 |
||
| 040 |
_aTR-BiSEU _btur _cTR-BiSEU _erda |
||
| 041 | 0 | _atur | |
| 044 | _ctu | ||
| 050 |
_aDR589 _b.S58 1999 |
||
| 245 | 0 |
_aSivas Kongresi tutanakları/ _ceditör Uluğ İğdemir. |
|
| 264 | 1 |
_aAnkara : _bAtatürk Kültür, Dil ve Tarih Yüksek KurumuTürk Tarih Kurumu _c1999 |
|
| 300 | _a xii, 120 sayfa, [4] sayfa; 24 cm. | ||
| 336 |
_ametin _btxt _2rdacontent |
||
| 337 |
_aaracısız _bn _2rdamedia |
||
| 338 |
_acilt _bnc _2rdacarrier |
||
| 490 | 1 | _aAtatürk Kültür, Dil ve Tarih Yüksek KurumuTürk Tarih Kurumu yayınları. | |
| 490 | 1 | _a XVI. | |
| 490 | 1 |
_adizi ; _vsa. |
|
| 490 | 1 | _a10 /2. | |
| 500 | _aKaynakça ve dizin var. | ||
| 650 | 0 |
_aTurkey--History Revolution, 1918-1923. _913054 |
|
| 830 | 1 |
_aAtatürk Kültür, Dil ve Tarih Yüksek KurumuTürk Tarih Kurumu yayınları. _920304 |
|
| 830 | 1 |
_a XVI. _910534 |
|
| 830 | 1 |
_adizi ; _vsa. _910357 |
|
| 830 | 1 |
_a10 /2. _951809 |
|
| 907 | _aTarih | ||
| 942 |
_2lcc _cBK |
||
| 999 |
_c25857 _d25857 |
||